000 00456pab a2200169 454500
008 180718b2013 xxu||||| |||| 00| 0 eng d
100 _aLahon, Thaneswar
245 _aWomen participation in grassroot politics in Dhemaji (Assam)
260 _c2013
300 _ap.42-51.
362 _aSep
650 _aWomen in politics - India - Assam
650 _aWomen in politics
700 _aDatta, Deba Kumar
773 _aThird Concept
909 _a114060
999 _c114054
_d114054